| 000 | 00774nam a2200241 a 4500 | ||
|---|---|---|---|
| 001 | BRCA_421 | ||
| 005 | 20190320203014.0 | ||
| 008 | 910726s1990 cu-a---##b---#001-0#spa-# | ||
| 040 |
_aDLC _cDLC |
||
| 050 | 4 |
_aN6603 _b.B47 1990 |
|
| 100 | 1 |
_aBermúdez, Jorge R. _91432 |
|
| 245 | 1 | 0 |
_aDe Gutenberg a Landaluze _cJorge R. Bermúdez. |
| 260 |
_aLa Habana, Cuba _bLetras Cubanas : Giraldilla _c1990 |
||
| 300 |
_a274 p. _bil. mapas _c18 cm. |
||
| 440 | 0 |
_aEnsayo _91433 |
|
| 500 | _aIncluye índice onomástico | ||
| 504 | _aBibliografía : p. 252-263 | ||
| 650 | 1 | 4 |
_aPintura colonial _ySiglo XV-XVIII _zCuba _91434 |
| 650 | 1 | 4 |
_aArtes gráficas _xHistoria _zCuba _91435 |
| 650 | 1 | 4 |
_aImpresión _xHistoria _zCuba _91436 |
| 650 | 1 | 4 |
_aGrabado _xHistoria _zCuba _91437 |
| 942 |
_2lcc _cB |
||
| 999 |
_c356 _d356 |
||